00470nam a2200109Ia 4500008004100000100004200041245013700083260002400220300002000244650001800264856007800282160712s9999 xx 000 0 und d aInstitute for Autonomy and Governance cInstitute for Autonomy and GovernanceaComparing the ARMM Law (RA 9054) and the Wealth Sharing Annex, Bangsamoro Framework Agreement c2012bAsian Studies avol. 48 no. 1-2 xASIAN STUDIES uhttp://www.asj.upd.edu.ph/index.php/archive/169-asian-studies-48-1-2-2012